Κλασικά παραμύθια!!!! - Statistics

General Stats
  • This quiz has been taken 316 times
  • The average score is 7 of 16
Answers on the Grid
Answers color-coded by a green-red scale on the quiz's grid according to % correct below.
ΚΟΚΚΙΝΟΣΚΟΥΦΙΤΣΑ
ΤΕΤΑΡΤΗ ΠΤΕΡΥΓΑ
1984
ΤΟ ΑΣΧΗΜΟΠΑΠΟ
Η ΧΙΟΝΑΤΗ ΚΑΙ ΟΙ ΕΦΤΑ ΙΠΠΟΤΕΣ
Η ΦΑΡΜΑ ΤΩΝ ΖΩΩΝ
ΣΤΑΧΤΟΠΟΥΤΑ
ΟΙ ΑΘΛΙΟΙ
ΕΝΑ ΚΑΠΟΙΟ ΧΑΜΟΓΕΛΟ
Ο ΑΣΠΡΟΔΟΝΤΗΣ
ΧΑΙΝΤΙ
ΤΑ ΕΠΤΑ ΑΡΝΑΚΙΑ
Η ΧΙΟΝΑΤΗ ΚΑΙ ΟΙ ΕΦΤΑ ΝΑΝΟΙ
ΤΑ ΤΡΙΑ ΓΟΥΡΟΥΝΑΚΙΑ
ΚΑΡΑΒΑΛ
ΟΛΙΒΕΡ ΤΟΥΙΣΤ
ΧΑΡΙ ΠΟΤΕΡ
Η ΚΑΛΥΒΑ ΤΟΥ ΜΠΑΡΜΠΑ-ΘΩΜΑ
ΠΕΝΤΕ ΜΙΚΡΑ ΓΟΥΡΟΥΝΑΚΙΑ
ΤΑ ΨΗΛΑ ΒΟΥΝΑ
ΤΑ ΕΠΤΑ ΚΑΤΣΙΚΑΚΙΑ
ΠΕΝΤΑΜΟΡΦΗ ΚΑΙ ΤΟ ΤΕΡΑΣ
ΤΑ ΣΤΑΦΥΛΙΑ ΤΗΣ ΟΡΓΗΣ
Η ΤΟΣΟΔΟΥΛΑ
ΟΔΥΣΣΕΙΑ
Η ΧΕΛΩΝΑ ΚΑΙ Ο ΛΑΓΟΣ
Η ΑΛΕΠΟΥ ΚΑΙ ΤΑ ΣΤΑΦΥΛΙΑ
ΔΡΑΚΟΥΛΑΣ
Η ΠΡΙΓΚΙΠΙΣΣΑ ΚΑΙ Ο ΒΑΤΡΑΧΟΣ
ΤΟ ΤΡΑΓΟΥΔΙ ΤΟΥ ΑΧΙΛΛΕΑ
 
Answer Stats
Answer % Correct
ΚΟΚΚΙΝΟΣΚΟΥΦΙΤΣΑ
56%
ΤΟ ΑΣΧΗΜΟΠΑΠΟ
55%
ΠΕΝΤΑΜΟΡΦΗ ΚΑΙ ΤΟ ΤΕΡΑΣ
55%
Η ΠΡΙΓΚΙΠΙΣΣΑ ΚΑΙ Ο ΒΑΤΡΑΧΟΣ
55%
ΤΑ ΤΡΙΑ ΓΟΥΡΟΥΝΑΚΙΑ
54%
ΣΤΑΧΤΟΠΟΥΤΑ
53%
Η ΧΙΟΝΑΤΗ ΚΑΙ ΟΙ ΕΦΤΑ ΝΑΝΟΙ
52%
ΤΑ ΕΠΤΑ ΚΑΤΣΙΚΑΚΙΑ
48%
Η ΧΕΛΩΝΑ ΚΑΙ Ο ΛΑΓΟΣ
48%
Η ΤΟΣΟΔΟΥΛΑ
44%
ΧΑΙΝΤΙ
38%
Η ΑΛΕΠΟΥ ΚΑΙ ΤΑ ΣΤΑΦΥΛΙΑ
36%
ΟΛΙΒΕΡ ΤΟΥΙΣΤ
27%
Η ΚΑΛΥΒΑ ΤΟΥ ΜΠΑΡΜΠΑ-ΘΩΜΑ
26%
Ο ΑΣΠΡΟΔΟΝΤΗΣ
23%
ΤΑ ΨΗΛΑ ΒΟΥΝΑ
9%
No matching quizzes found
Score Distribution
Percent of People with Each Score
Percentile by Number Answered
Your Score History
You have not taken this quiz